[Event "GER-ch 92nd"]
[Site "Magdeburg"]
[Date "2021.07.27"]
[Round "4"]
[White "Stork, Oliver"]
[Black "Kuhn, Patrick"]
[Result "1-0"]
[WhiteElo "2394"]
[BlackElo "2073"]
[PlyCount "55"]
[EventDate "2021.07.25"]
[EventType "swiss"]
[EventRounds "9"]
[EventCountry "GER"]
[SourceTitle "CBM 203 Extra"]
[Source "ChessBase"]
[SourceDate "2021.09.30"]
[SourceVersion "1"]
[SourceVersionDate "2021.09.30"]
[SourceQuality "1"]

1. e4 c5 2. Nf3 d6 3. d4 cxd4 4. Nxd4 Nf6 5. Nc3 g6 6. Be3 Bg7 7. f3 Nc6 8. Qd2 0-0 9. 0-0-0 d5 10. Kb1 Nxd4 11. e5 Nf5 12. exf6 exf6 13. Bc5 Re8 14. Nxd5 Kh8 15. g4 b6 16. Bb5 bxc5 17. Bxe8 Nd4 18. Bxf7 Qd7 19. Rhe1 Qxf7 20. Re7 Qg8 21. Nc7 Bf8 22. Re8 Rb8 23. c3 Nxf3 24. Qf4 Qf7 25. Rdd8 Bf5+ 26. gxf5 Rxd8 27. Rxd8 Qe7 28. Ne6 1-0

[Event "Oberliga Sued W 1112"]
[Site "Germany"]
[Date "2012.02.26"]
[Round "7"]
[White "Scheiblauer, Heinrich"]
[Black "Kuhn, Patrick"]
[Result "1-0"]
[WhiteElo "2187"]
[BlackElo "2094"]
[PlyCount "43"]
[EventDate "2011.09.25"]
[EventType "team-tourn"]
[EventRounds "9"]
[EventCountry "GER"]
[SourceTitle "EXT 2013"]
[Source "ChessBase"]
[SourceDate "2012.11.22"]
[SourceVersion "1"]
[SourceVersionDate "2012.11.22"]
[SourceQuality "1"]
[WhiteTeam "Mutterstadt"]
[BlackTeam "Illingen"]
[WhiteTeamCountry "GER"]
[BlackTeamCountry "GER"]

1. d4 Nf6 2. Nf3 c5 3. e3 e6 4. Bd3 Nc6 5. b3 Be7 6. 0-0 0-0 7. Bb2 b6 8. c4 cxd4 9. exd4 d5 10. Nbd2 Ba6 11. Re1 Rc8 12. Ne5 Bb7 13. Re3 dxc4 14. Nxc6 Bxc6 15. bxc4 Qc7 16. d5 exd5 17. Bxf6 Bxf6 18. Bxh7+ Kh8 19. Rh3 Qf4 20. g3 Qg5 21. Rh5 Ba4 22. Bc2+ 1-0